00565pam a22002054a 4500001000800000005001700008008004100025010001700066020001500083035002100098040001800119041000800137042000800145080001600153082002000169100000700189101000800196245009100204504006400295215783420180313053404.0990420s2000 ohua b 001 0 eng  a 99029259  a0538890150 a(DLC) 99029259 aDLCcDLCdDLC aeng apcc a658.022 LON00a658.022 LON2211 a57 aBIZ10aSmall business management :cJustin G. Longenecker, Carlos W. Moore, J. William Petty. aIncludes bibliographical references (p. 665-673) and index.